[Event "WchT Blitz Pool C"]
[Site "London"]
[Date "2025.06.14"]
[Round "5.5"]
[White "Bird, Joel"]
[Black "Bashylina, Luisa"]
[Result "0-1"]
[WhiteElo "1987"]
[BlackElo "2120"]
[PlyCount "96"]
[EventDate "2025.06.14"]
[EventType "team-tourn"]
[EventRounds "13"]
[EventCountry "ENG"]
[SourceTitle "CB25_2025"]
[SourceDate "2025.06.18"]
[SourceVersion "1"]
[SourceVersionDate "2025.06.18"]
[SourceQuality "1"]
[WhiteTeam "Chess Rising Stars"]
[BlackTeam "Germany and Friends"]
[WhiteTeamCountry "GRE"]
[BlackTeamCountry "GER"]

1. e4 c5 2. Nf3 d6 3. d4 cxd4 4. Nxd4 Nf6 5. Nc3 a6 6. f3 e5 7. Nb3 Be7 8. Be3 Be6 9. Qd2 b5 10. 0-0-0 Nbd7 11. g4 0-0 12. g5 Nh5 13. Nd5 Bxd5 14. exd5 Rc8 15. Na5 f6 16. gxf6 Bxf6 17. Nc6 Qe8 18. Kb1 g6 19. Qb4 Nc5 20. Bh3 Ra8 21. Bxc5 dxc5 22. Qxc5 Nf4 23. Be6+ Nxe6 24. dxe6 Qxe6 25. Rd6 Qf5 26. Qd5+ Kh8 27. Rd1 Bg7 28. Rd7 Qxf3 29. a3 e4 30. Ne5 Qf6 31. c3 Qxe5 32. Qb7 Rab8 33. Qa7 e3 34. Re7 e2 35. Rdd7 e1Q+ 36. Ka2 Qxe7 37. Rxe7 Qf2 38. Rxg7 Qxa7 39. Rxa7 Rf2 40. Rxa6 Rxh2 41. a4 bxa4 42. Rxa4 Rhxb2+ 43. Ka1 h5 44. Ra6 Rg2 45. c4 Re8 46. Rb6 Re1+ 47. Rb1 Rxb1+ 48. Kxb1 Rg4 0-1

[Event "WchT Blitz Pool C"]
[Site "London"]
[Date "2025.06.14"]
[Round "3.5"]
[White "Camp, Imogen AL"]
[Black "Bashylina, Luisa"]
[Result "0-1"]
[WhiteElo "1915"]
[BlackElo "2120"]
[PlyCount "144"]
[EventDate "2025.06.14"]
[EventType "team-tourn"]
[EventRounds "13"]
[EventCountry "ENG"]
[SourceTitle "CB25_2025"]
[SourceDate "2025.06.18"]
[SourceVersion "1"]
[SourceVersionDate "2025.06.18"]
[SourceQuality "1"]
[WhiteTeam "Wood Green Youth"]
[BlackTeam "Germany and Friends"]
[WhiteTeamCountry "ENG"]
[BlackTeamCountry "GER"]

1. d4 Nf6 2. c4 g6 3. Nc3 d5 4. cxd5 Nxd5 5. e4 Nxc3 6. bxc3 Bg7 7. Bc4 c5 8. Nf3 0-0 9. h3 Nc6 10. 0-0 cxd4 11. cxd4 Nxd4 12. Rb1 Nxf3+ 13. Qxf3 Qc7 14. Bd5 e6 15. Bb3 Bd7 16. Ba3 Rfd8 17. Rfc1 Bc6 18. Bc5 b6 19. Be3 Rac8 20. Bg5 Rd4 21. Re1 Qb7 22. Bc2 Qd7 23. Qe3 e5 24. f3 Bb7 25. Bb3 a5 26. Bd1 Qe6 27. Bb3 Qd7 28. Bd1 Bf8 29. Kh2 Bc5 30. Qb3 a4 31. Qb2 Kg7 32. Be2 Bc6 33. Be3 Rb4 34. Qd2 Qxd2 35. Bxd2 Rxb1 36. Rxb1 f6 37. Bb5 Bxb5 38. Rxb5 Bd4 39. Bb4 Rc2 40. a3 Rb2 41. Rd5 Rb3 42. Rd7+ Kg8 43. Rd8+ Kf7 44. Rd7+ Ke8 45. Rxh7 Bc5 46. Rh8+ Kd7 47. Rh6 Bxb4 48. axb4 a3 49. Rh7+ Kc6 50. Ra7 Kb5 51. g4 Rb2+ 52. Kg3 a2 53. h4 Kxb4 54. h5 gxh5 55. gxh5 Kb3 56. Ra6 b5 57. h6 Rc2 58. h7 Rc8 59. Ra7 Kb2 60. Kg4 a1Q 61. Rxa1 Kxa1 62. Kf5 b4 63. Kxf6 b3 64. Kg7 b2 65. h8Q Rxh8 66. Kxh8 b1Q 67. Kg7 Qd3 68. Kf6 Qxf3+ 69. Kxe5 Kb2 70. Kd5 Kc3 71. Ke5 Kd3 72. Kd5 Qxe4+ 0-1

[Event "EU-ch 25th"]
[Site "Eforie Nord"]
[Date "2025.03.23"]
[Round "8"]
[White "Mitsis, Georgios"]
[Black "Bashylina, Luisa"]
[Result "1-0"]
[WhiteElo "2376"]
[BlackElo "2175"]
[PlyCount "59"]
[EventDate "2025.03.15"]
[EventType "swiss"]
[EventRounds "11"]
[EventCountry "ROU"]
[SourceTitle "CB13_2025"]
[SourceDate "2025.03.26"]
[SourceVersion "1"]
[SourceVersionDate "2025.03.26"]
[SourceQuality "1"]

1. d4 d5 2. Nf3 Nf6 3. c4 c6 4. e3 Bf5 5. Bd2 e6 6. Bc3 h6 7. Nbd2 Bd6 8. b4 dxc4 9. Nxc4 Nd5 10. Qb3 Nxc3 11. Qxc3 0-0 12. Be2 Be7 13. 0-0 Na6 14. a3 Nc7 15. Bd3 Bxd3 16. Qxd3 b6 17. Nce5 c5 18. dxc5 bxc5 19. Nd7 cxb4 20. Nfe5 Re8 21. e4 Qc8 22. axb4 Bxb4 23. Rfc1 Qb7 24. Rab1 a5 25. Qg3 Rec8 26. Nf6+ Kf8 27. Ned7+ Ke7 28. Qxg7 Nb5 29. Ne5 Rab8 30. Ng6+ 1-0

[Event "EU-ch 25th"]
[Site "Eforie Nord"]
[Date "2025.03.22"]
[Round "7"]
[White "Bashylina, Luisa"]
[Black "Shohat, Yotam"]
[Result "1/2-1/2"]
[WhiteElo "2175"]
[BlackElo "2386"]
[PlyCount "69"]
[EventDate "2025.03.15"]
[EventType "swiss"]
[EventRounds "11"]
[EventCountry "ROU"]
[SourceTitle "CB13_2025"]
[SourceDate "2025.03.26"]
[SourceVersion "1"]
[SourceVersionDate "2025.03.26"]
[SourceQuality "1"]

1. d4 Nf6 2. c4 g6 3. Nc3 Bg7 4. e4 0-0 5. Be2 d6 6. Be3 Na6 7. Nf3 e5 8. 0-0 Qe7 9. dxe5 dxe5 10. Nd5 Qd8 11. Qc2 c6 12. Nc3 Qe7 13. Rad1 Nh5 14. Qc1 Re8 15. g3 Nf6 16. a3 Nc5 17. Qc2 a5 18. Bxc5 Qxc5 19. Na4 Qe7 20. Nb6 Rb8 21. c5 Bg4 22. Rd6 Red8 23. Rfd1 Ne8 24. Rxd8 Rxd8 25. Rxd8 Qxd8 26. Nc4 Bxf3 27. Bxf3 Bf8 28. Nxe5 Qf6 29. Qc3 Bg7 30. Nc4 Qxc3 31. bxc3 Bxc3 32. Bg4 Nf6 33. Bc8 Nxe4 34. Bxb7 Nxc5 35. Bxc6 1/2-1/2

[Event "EU-ch 25th"]
[Site "Eforie Nord"]
[Date "2025.03.19"]
[Round "5"]
[White "Bashylina, Luisa"]
[Black "Minescu, Dragos Olivar"]
[Result "1-0"]
[WhiteElo "2175"]
[BlackElo "1989"]
[PlyCount "81"]
[EventDate "2025.03.15"]
[EventType "swiss"]
[EventRounds "11"]
[EventCountry "ROU"]
[SourceTitle "CB13_2025"]
[SourceDate "2025.03.26"]
[SourceVersion "1"]
[SourceVersionDate "2025.03.26"]
[SourceQuality "1"]

1. d4 d5 2. c4 Bf5 3. Nc3 e6 4. Nf3 c6 5. e3 Nd7 6. Be2 h6 7. 0-0 Ngf6 8. b3 Bd6 9. a4 Qe7 10. Bb2 0-0 11. a5 a6 12. h3 Bh7 13. Bd3 Rad8 14. Bxh7+ Nxh7 15. e4 dxe4 16. Nxe4 Bb4 17. Qc2 Nhf6 18. Ng3 Rfe8 19. c5 Nd5 20. Ra4 e5 21. Nf5 Qf8 22. Nd6 exd4 23. Nxe8 Rxe8 24. Bxd4 Bxc5 25. Bb2 N7f6 26. Ne5 Re6 27. Qf5 Bd6 28. Ng4 Qe8 29. Nxf6+ Nxf6 30. g3 g6 31. Qf3 Ne4 32. Kg2 f5 33. Re1 Kh7 34. g4 Ng5 35. Qc3 Qg8 36. Rxe6 Nxe6 37. Qf6 Bf8 38. Kg1 Nc5 39. Rb4 Bg7 40. Qe7 Nd3 41. Bxg7 1-0

[Event "EU-ch 25th"]
[Site "Eforie Nord"]
[Date "2025.03.18"]
[Round "4"]
[White "Kovalchuk, Victor"]
[Black "Bashylina, Luisa"]
[Result "1-0"]
[WhiteElo "1794"]
[BlackElo "2175"]
[PlyCount "125"]
[EventDate "2025.03.15"]
[EventType "swiss"]
[EventRounds "11"]
[EventCountry "ROU"]
[SourceTitle "CB13_2025"]
[SourceDate "2025.03.26"]
[SourceVersion "1"]
[SourceVersionDate "2025.03.26"]
[SourceQuality "1"]

1. e4 c5 2. Nf3 d6 3. d4 cxd4 4. Nxd4 Nf6 5. Nc3 a6 6. h4 e5 7. Nb3 Be7 8. Bg5 Be6 9. Bxf6 Bxf6 10. g3 0-0 11. Bh3 a5 12. Bxe6 fxe6 13. a4 Na6 14. Qd2 Nc7 15. Rd1 Be7 16. Qe2 Qe8 17. Nd2 d5 18. exd5 exd5 19. 0-0 e4 20. Ndxe4 dxe4 21. Qc4+ Rf7 22. Qxc7 Bxh4 23. Qc4 Rc8 24. Qxe4 Qxe4 25. Nxe4 Be7 26. c3 Rc4 27. Rd4 Rxd4 28. cxd4 Bb4 29. Rc1 Rd7 30. Ng5 g6 31. Rc8+ Kg7 32. Rc7 Rxc7 33. Ne6+ Kf6 34. Nxc7 Ke7 35. Nd5+ Kd6 36. Ne3 Kc6 37. Kf1 b5 38. axb5+ Kxb5 39. Ke2 a4 40. Kd3 Be1 41. Nd1 h5 42. Ke4 g5 43. f4 g4 44. f5 Bxg3 45. f6 Bd6 46. Kd5 Bf8 47. Ne3 g3 48. Ng2 Kb4 49. Ke6 Kb3 50. d5 Kxb2 51. d6 a3 52. d7 a2 53. d8Q a1Q 54. Qxf8 Qa2+ 55. Ke5 Qa5+ 56. Kf4 Qc7+ 57. Kg5 Qc1+ 58. Kg6 Qc2+ 59. Kg7 Qc7+ 60. Qe7 Qc4 61. f7 Qg4+ 62. Kh7 Qf5+ 63. Kh8 1-0

[Event "EU-ch 25th"]
[Site "Eforie Nord"]
[Date "2025.03.15"]
[Round "1"]
[White "Bashylina, Luisa"]
[Black "Boyer, Mahel"]
[Result "0-1"]
[WhiteElo "2175"]
[BlackElo "2529"]
[PlyCount "82"]
[EventDate "2025.03.15"]
[EventType "swiss"]
[EventRounds "11"]
[EventCountry "ROU"]
[SourceTitle "CB13_2025"]
[SourceDate "2025.03.26"]
[SourceVersion "1"]
[SourceVersionDate "2025.03.26"]
[SourceQuality "1"]

1. d4 g6 2. c4 Bg7 3. Nc3 c5 4. d5 d6 5. e4 e6 6. Nf3 Bxc3+ 7. bxc3 e5 8. h4 h6 9. Bd3 Qe7 10. Nd2 h5 11. Nf1 Nh6 12. f3 Kd8 13. Be3 f6 14. Qc2 Kc7 15. 0-0-0 Nd7 16. Nh2 Nf7 17. Bf2 Nb6 18. g4 Bd7 19. Rde1 g5 20. hxg5 Nxg5 21. Qe2 Nh3 22. Be3 Nf4 23. Bxf4 exf4 24. gxh5 Rxh5 25. Ng4 Rah8 26. Rxh5 Rxh5 27. Kc2 Bxg4 28. fxg4 Rh4 29. Qf3 Qe5 30. Kb3 Qg5 31. Be2 Nd7 32. Rf1 Rh2 33. Bd1 Ne5 34. Qxf4 Rb2+ 35. Ka4 Rxa2+ 36. Kb3 Rb2+ 37. Ka4 Nxc4 38. Bb3 b5+ 39. Kxb5 Nb6 40. Qxf6 Rxb3+ 41. Ka6 Ra3+ 0-1

[Event "Augsburg op-A (Women)"]
[Site "Augsburg"]
[Date "2025.03.07"]
[Round "4"]
[White "Kurapova, Olga"]
[Black "Bashylina, Luisa"]
[Result "0-1"]
[WhiteElo "1992"]
[BlackElo "2175"]
[PlyCount "102"]
[EventDate "2025.03.05"]
[EventType "swiss"]
[EventRounds "9"]
[EventCountry "GER"]
[SourceTitle "CB11_2025"]
[SourceDate "2025.03.12"]
[SourceVersion "1"]
[SourceVersionDate "2025.03.12"]
[SourceQuality "1"]

1. e4 c5 2. Nf3 d6 3. Bb5+ Nd7 4. 0-0 a6 5. Bd3 Ngf6 6. Re1 e6 7. Bf1 Be7 8. c3 e5 9. d4 0-0 10. d5 b5 11. a4 Rb8 12. c4 bxc4 13. Nbd2 Nb6 14. a5 Na8 15. Nxc4 Nd7 16. Bd3 Nc7 17. h3 Nb5 18. Nh2 Bg5 19. f4 Bxf4 20. Bxf4 exf4 21. e5 Nxe5 22. Nxe5 dxe5 23. Qh5 f5 24. Rxe5 Qf6 25. Rae1 Nd6 26. Qe2 Bb7 27. Nf3 Rbe8 28. Re6 Rxe6 29. Qxe6+ Qxe6 30. Rxe6 Rd8 31. Re5 g6 32. Nd2 Kf7 33. Nc4 Nb5 34. Nb6 Nc7 35. Bc4 Kf6 36. d6 Kxe5 37. dxc7 Rh8 38. b3 Kd6 39. Na4 Rc8 40. Nc3 Rxc7 41. Kf2 Re7 42. Ne2 g5 43. h4 h6 44. Bd3 Re3 45. Bc4 Ke5 46. Nc1 Rg3 47. Nd3+ Kd4 48. Ne1 gxh4 49. Be6 h3 50. gxh3 Rxh3 51. Bxf5 Rxb3 0-1

[Event "Augsburg op-A (Women)"]
[Site "Augsburg"]
[Date "2025.03.05"]
[Round "1"]
[White "Bashylina, Luisa"]
[Black "Daulyte Cornette, Deimante"]
[Result "0-1"]
[WhiteElo "2175"]
[BlackElo "2389"]
[PlyCount "130"]
[EventDate "2025.03.05"]
[EventType "swiss"]
[EventRounds "9"]
[EventCountry "GER"]
[SourceTitle "CB11_2025"]
[SourceDate "2025.03.12"]
[SourceVersion "1"]
[SourceVersionDate "2025.03.12"]
[SourceQuality "1"]

1. d4 Nf6 2. c4 e6 3. Nc3 d5 4. cxd5 exd5 5. Bg5 c6 6. e3 Bd6 7. Bd3 0-0 8. Nge2 Re8 9. Qc2 h6 10. Bf4 Bf8 11. h3 a5 12. 0-0 Na6 13. a3 Nc7 14. Rae1 Ne6 15. Be5 b5 16. f4 b4 17. axb4 axb4 18. Na4 Ba6 19. Bxa6 Rxa6 20. Nc1 Nd7 21. f5 Ng5 22. Bf4 Ne4 23. Nd3 b3 24. Qxb3 Nd2 25. Qc2 Nxf1 26. Rxf1 Qf6 27. Ne5 Nxe5 28. dxe5 Rxe5 29. Bxe5 Qxe5 30. Qc3 f6 31. b3 Qxc3 32. Nxc3 Bc5 33. Kf2 d4 34. Nd1 Rb6 35. exd4 Bxd4+ 36. Kf3 Rxb3+ 37. Ke4 c5 38. Re1 Kf7 39. Re2 Ke7 40. Kd5+ Kd7 41. Nf2 Be3 42. Ra2 Kc7 43. Ne4 Rd3+ 44. Ke6 c4 45. Rc2 Rd4 46. Nc3 Kc6 47. Kf7 Rd7+ 48. Kf8 Kc5 49. Ne4+ Kd4 50. Nd2 Kd3 51. Rxc4 Bxd2 52. Rg4 h5 53. Rh4 Bh6 54. Rxh5 Ke4 55. g4 Kf4 56. Ke8 Rd3 57. Kf7 Rd7+ 58. Ke8 Rb7 59. Kf8 Kg3 60. Kg8 Bg5 61. Rh7 Bh6 62. Kf8 Kh4 63. Kg8 Kg5 64. Kf8 Rb3 65. h4+ Kxg4 0-1

[Event "BL 2425 (Women)"]
[Site "Germany"]
[Date "2025.02.16"]
[Round "6.5"]
[White "Bashylina, Luisa"]
[Black "Brandt, Carina"]
[Result "1/2-1/2"]
[WhiteElo "2105"]
[BlackElo "2050"]
[PlyCount "77"]
[EventDate "2024.11.16"]
[EventType "team-tourn"]
[EventRounds "11"]
[EventCountry "GER"]
[SourceTitle "CB14_2025"]
[SourceDate "2024.11.01"]
[SourceVersion "1"]
[SourceVersionDate "2024.11.01"]
[SourceQuality "1"]
[WhiteTeam "Solingen (W)"]
[BlackTeam "Harksheide (W)"]
[WhiteTeamCountry "GER"]
[BlackTeamCountry "GER"]

1. d4 Nf6 2. c4 g6 3. Nc3 Bg7 4. e4 d6 5. Be2 0-0 6. Be3 e5 7. d5 Na6 8. g4 Nc5 9. Bf3 a5 10. h4 c6 11. g5 Nfd7 12. h5 Re8 13. h6 Bf8 14. Qd2 a4 15. Be2 Qa5 16. f3 Be7 17. Nh3 Qa6 18. Rc1 Nb6 19. Nb1 Bxh3 20. Rxh3 Nbd7 21. Bf1 Qa5 22. Qxa5 Rxa5 23. Nd2 f6 24. gxf6 Nxf6 25. b4 axb3 26. axb3 Ra3 27. Rb1 Kf7 28. Kf2 Rea8 29. Bxc5 dxc5 30. f4 Ra2 31. Ke1 Bd6 32. fxe5 Bxe5 33. Rf3 Ke7 34. b4 Nd7 35. b5 Ra1 36. dxc6 bxc6 37. bxc6 Rxb1+ 38. Nxb1 Nb8 39. c7 1/2-1/2

[Event "BL 2425 (Women)"]
[Site "Germany"]
[Date "2025.02.15"]
[Round "5.5"]
[White "Rogozenco, Teodora Nana"]
[Black "Bashylina, Luisa"]
[Result "0-1"]
[WhiteElo "2012"]
[BlackElo "2105"]
[PlyCount "74"]
[EventDate "2024.11.16"]
[EventType "team-tourn"]
[EventRounds "11"]
[EventCountry "GER"]
[SourceTitle "CB14_2025"]
[SourceDate "2024.11.01"]
[SourceVersion "1"]
[SourceVersionDate "2024.11.01"]
[SourceQuality "1"]
[WhiteTeam "Hamburger SK (W)"]
[BlackTeam "Solingen (W)"]
[WhiteTeamCountry "GER"]
[BlackTeamCountry "GER"]

1. c4 e5 2. Nc3 Bb4 3. Qc2 Nf6 4. a3 Bxc3 5. Qxc3 Nc6 6. Nf3 d6 7. g3 0-0 8. Bg2 e4 9. Nd4 Ne5 10. d3 c5 11. Nc2 exd3 12. exd3 Bf5 13. 0-0 Bxd3 14. Rd1 Be4 15. Bg5 Bxg2 16. Kxg2 Ne4 17. Qxe5 dxe5 18. Bxd8 Raxd8 19. Rd5 Rxd5 20. cxd5 f6 21. Ne3 Nd6 22. a4 c4 23. Nd1 Rc8 24. Nc3 Kf7 25. Kf3 Rc5 26. Ke3 Nf5+ 27. Ke4 g6 28. h4 h5 29. Rd1 Ke7 30. Rg1 a6 31. g4 hxg4 32. Rxg4 Kf7 33. f4 exf4 34. Kxf4 b5 35. axb5 axb5 36. Kf3 b4 37. Na4 Rc7 0-1

[Event "BL 2425 (Women)"]
[Site "Germany"]
[Date "2025.01.25"]
[Round "3.4"]
[White "Bashylina, Luisa"]
[Black "Straub, Natalia"]
[Result "1/2-1/2"]
[WhiteElo "2105"]
[BlackElo "2132"]
[PlyCount "55"]
[EventDate "2024.11.16"]
[EventType "team-tourn"]
[EventRounds "11"]
[EventCountry "GER"]
[SourceTitle "CB14_2025"]
[SourceDate "2024.11.01"]
[SourceVersion "1"]
[SourceVersionDate "2024.11.01"]
[SourceQuality "1"]
[WhiteTeam "Solingen (W)"]
[BlackTeam "Deizisau (W)"]
[WhiteTeamCountry "GER"]
[BlackTeamCountry "GER"]

1. d4 d5 2. c4 c5 3. dxc5 d4 4. Nf3 Nc6 5. e3 e5 6. exd4 e4 7. Nfd2 Qxd4 8. Be2 Bxc5 9. 0-0 Qe5 10. Nc3 Nf6 11. Nb3 0-0 12. Nxc5 Qxc5 13. Be3 Qe5 14. Qc1 Nd4 15. Re1 Nxe2+ 16. Nxe2 Ng4 17. Bf4 Qc5 18. Bg3 f5 19. h3 Ne5 20. b4 Qe7 21. Nf4 Be6 22. c5 Bf7 23. h4 h6 24. h5 Rfe8 25. Qc3 Rad8 26. a4 Nd3 27. Nxd3 Rxd3 28. Qxd3 1/2-1/2

[Event "Budapest One Week IM-A 12"]
[Site "Budapest"]
[Date "2024.12.19"]
[Round "7"]
[White "Bashylina, Luisa"]
[Black "Csernyik, Mark"]
[Result "0-1"]
[WhiteElo "2127"]
[BlackElo "2175"]
[PlyCount "72"]
[EventDate "2024.12.16"]
[EventType "tourn"]
[EventRounds "9"]
[EventCountry "HUN"]
[SourceTitle "CB52_2024"]
[SourceDate "2024.12.25"]
[SourceVersion "1"]
[SourceVersionDate "2024.12.25"]
[SourceQuality "1"]

1. d4 d5 2. c4 dxc4 3. Nf3 Nf6 4. e3 a6 5. Bxc4 e6 6. 0-0 c5 7. Re1 Nc6 8. Nc3 Be7 9. a3 0-0 10. dxc5 Bxc5 11. b4 Bd6 12. Bb2 b5 13. Bd3 Bb7 14. Ne4 Nxe4 15. Bxe4 f5 16. Bc2 Qe7 17. e4 Rad8 18. Qe2 f4 19. e5 Bb8 20. h4 g6 21. Ng5 Nd4 22. Bxd4 Rxd4 23. Qg4 Bd5 24. h5 f3 25. Qxd4 Qxg5 26. g3 Qxh5 27. Bd3 Rf7 28. Rac1 Ba7 29. Qh4 Qxh4 30. gxh4 Bd4 31. Rc8+ Kg7 32. Be4 Bc4 33. Ba8 Be2 34. Re8 Rf4 35. Bxf3 Bxf3 36. Rxe6 Rxh4 0-1

[Event "Budapest One Week IM-A 12"]
[Site "Budapest"]
[Date "2024.12.18"]
[Round "5"]
[White "Nemeth, Zalan"]
[Black "Bashylina, Luisa"]
[Result "1/2-1/2"]
[WhiteElo "2286"]
[BlackElo "2127"]
[PlyCount "94"]
[EventDate "2024.12.16"]
[EventType "tourn"]
[EventRounds "9"]
[EventCountry "HUN"]
[SourceTitle "CB52_2024"]
[SourceDate "2024.12.25"]
[SourceVersion "1"]
[SourceVersionDate "2024.12.25"]
[SourceQuality "1"]

1. d4 Nf6 2. c4 g6 3. g3 Bg7 4. Bg2 d6 5. Nc3 0-0 6. Nf3 Bf5 7. Nh4 Bc8 8. Nf3 Bf5 9. Nh4 Bc8 10. 0-0 e5 11. Nf3 Nc6 12. d5 Nb8 13. e4 a5 14. c5 dxc5 15. Nxe5 Nxe4 16. Nxe4 Bxe5 17. Bg5 f6 18. Bh6 Re8 19. Nxc5 Na6 20. Nd3 Bd6 21. Be3 Bf5 22. Bd4 Be4 23. Bxe4 Rxe4 24. Bc3 Nb4 25. a3 Nxd5 26. Qb3 c6 27. Qxb7 Nxc3 28. bxc3 Rc8 29. Rfe1 Rxe1+ 30. Rxe1 Qc7 31. Qb3+ Qf7 32. c4 Kg7 33. Qa4 Qa7 34. Re6 Qd4 35. Qc2 Bxa3 36. c5 Rd8 37. Re7+ Kf8 38. Qe2 Bxc5 39. Nxc5 Qxc5 40. Rxh7 Qd6 41. Qa6 Qd1+ 42. Kg2 Qd5+ 43. Kg1 Qd1+ 44. Kg2 Qd5+ 45. f3 Qa2+ 46. Kh3 Qe6+ 47. g4 Qe3 1/2-1/2

[Event "Budapest One Week IM-A 12"]
[Site "Budapest"]
[Date "2024.12.16"]
[Round "1"]
[White "Fodor, Balazs"]
[Black "Bashylina, Luisa"]
[Result "1/2-1/2"]
[WhiteElo "2192"]
[BlackElo "2127"]
[PlyCount "146"]
[EventDate "2024.12.16"]
[EventType "tourn"]
[EventRounds "9"]
[EventCountry "HUN"]
[SourceTitle "CB52_2024"]
[SourceDate "2024.12.25"]
[SourceVersion "1"]
[SourceVersionDate "2024.12.25"]
[SourceQuality "1"]

1. d4 Nf6 2. c4 g6 3. Nc3 d5 4. cxd5 Nxd5 5. Bd2 Bg7 6. e4 Nb6 7. Be3 0-0 8. Bb5 c6 9. Be2 e5 10. dxe5 Bxe5 11. Nf3 Bg7 12. h3 N8d7 13. 0-0 Ne5 14. Nxe5 Bxe5 15. Qc2 Qe7 16. f4 Bg7 17. a4 Be6 18. Nd1 Qb4 19. a5 Nc4 20. Ra4 Nxe3 21. Nxe3 Qe7 22. f5 Bd7 23. Ng4 gxf5 24. exf5 Rfe8 25. Bd3 f6 26. Re4 Qd6 27. Qc4+ Kh8 28. Rd4 Qe7 29. Bc2 c5 30. Re4 Qf8 31. a6 Bc6 32. axb7 Bxe4 33. Bxe4 Rad8 34. Bc6 Re7 35. Ra1 Rc7 36. Bf3 Rcd7 37. Rxa7 Qd6 38. Ra8 Re7 39. Qd5 Qxd5 40. Bxd5 Ree8 41. Bc6 Rf8 42. Ne3 Bh6 43. Nd5 Bc1 44. Nxf6 Bf4 45. Nd7 Bg3 46. Rxd8 Rxd8 47. Kf1 Kg7 48. Ke2 Bd6 49. Kf3 Kf7 50. Ke4 Ke7 51. Kd5 Bg3 52. Kxc5 h5 53. Kb6 h4 54. Ka7 Bf2+ 55. Nb6 Kf6 56. b8Q Rxb8 57. Kxb8 Bxb6 58. Kb7 Bd4 59. b4 Kxf5 60. b5 Ke6 61. b6 Kd6 62. Ba4 Be3 63. Ka6 Bf2 64. Bd1 Kd7 65. Bf3 Kc8 66. Kb5 Kd8 67. Kc6 Bg3 68. Bg4 Bf2 69. b7 Ba7 70. Kd6 Bb8+ 71. Ke6 Bg3 72. Bf3 Kc7 73. Kf5 Kb8 1/2-1/2

[Event "EU-Cup (Women) 28th"]
[Site "Vrnjacka Banja"]
[Date "2024.10.25"]
[Round "6.5"]
[White "Bashylina, Luisa"]
[Black "Sereda, Yaroslava"]
[Result "1/2-1/2"]
[WhiteElo "2121"]
[BlackElo "1960"]
[PlyCount "61"]
[EventDate "2024.10.20"]
[EventType "team-swiss"]
[EventRounds "7"]
[EventCountry "SRB"]
[SourceTitle "CB44_2024"]
[Source "Chessbase"]
[SourceDate "2024.10.30"]
[SourceVersion "1"]
[SourceVersionDate "2024.10.30"]
[SourceQuality "1"]
[WhiteTeam "Solingen (W)"]
[BlackTeam "Solingen (W) II"]
[WhiteTeamCountry "GER"]
[BlackTeamCountry "GER"]

1. d4 Nf6 2. c4 e6 3. Nc3 d5 4. cxd5 exd5 5. Bg5 Be7 6. e3 0-0 7. Bd3 h6 8. Bf4 c5 9. dxc5 Bxc5 10. Nge2 Nc6 11. 0-0 d4 12. Na4 Bd6 13. Bxd6 Qxd6 14. Nxd4 Nxd4 15. exd4 Rd8 16. Qc2 Bg4 17. h3 Qxd4 18. hxg4 Qxd3 19. Qxd3 Rxd3 20. f3 Rd2 21. Rad1 Rad8 22. Rxd2 Rxd2 23. Rf2 Rd4 24. Nc3 Nd5 25. Nxd5 Rxd5 26. Rc2 g6 27. Rc7 Rb5 28. b3 a5 29. Kf2 Rb4 30. Rc3 Kg7 31. a3 1/2-1/2

[Event "EU-Cup (Women) 28th"]
[Site "Vrnjacka Banja"]
[Date "2024.10.21"]
[Round "2.3"]
[White "Efroimski, Marsel"]
[Black "Bashylina, Luisa"]
[Result "1-0"]
[WhiteElo "2399"]
[BlackElo "2121"]
[PlyCount "69"]
[EventDate "2024.10.20"]
[EventType "team-swiss"]
[EventRounds "7"]
[EventCountry "SRB"]
[SourceTitle "CB44_2024"]
[Source "Chessbase"]
[SourceDate "2024.10.30"]
[SourceVersion "1"]
[SourceVersionDate "2024.10.30"]
[SourceQuality "1"]
[WhiteTeam "SuperChess (W)"]
[BlackTeam "Solingen (W)"]
[WhiteTeamCountry "ROU"]
[BlackTeamCountry "GER"]

1. e4 c5 2. Nf3 d6 3. d4 cxd4 4. Nxd4 Nf6 5. Nc3 a6 6. Be2 e5 7. Nb3 Be7 8. Be3 Be6 9. Nd5 Nxd5 10. exd5 Bf5 11. Qd2 0-0 12. c4 Nd7 13. Na5 Qc7 14. 0-0 Bg6 15. b4 f5 16. f4 b6 17. Nc6 Bf6 18. Rac1 Rfe8 19. Bd3 e4 20. Be2 a5 21. bxa5 bxa5 22. Rb1 Nc5 23. Rb5 Na4 24. Rc1 Rec8 25. Bd1 Nc5 26. Rcb1 Be8 27. Rb6 a4 28. Be2 g6 29. Bxc5 dxc5 30. d6 Qg7 31. Ne5 Bxe5 32. Qd5+ Qf7 33. fxe5 Bd7 34. Rb7 Rd8 35. Rxd7 1-0

[Event "Budapest SixDays 09 IM-A"]
[Site "Budapest"]
[Date "2024.09.28"]
[Round "7"]
[White "Krishna, C Revanth Gopala"]
[Black "Bashylina, Luisa"]
[Result "1/2-1/2"]
[WhiteElo "2425"]
[BlackElo "2124"]
[PlyCount "85"]
[EventDate "2024.09.24"]
[EventType "tourn"]
[EventRounds "9"]
[EventCountry "HUN"]
[SourceTitle "EXT 2025"]
[Source "ChessBase"]
[SourceDate "2024.10.14"]
[SourceVersion "1"]
[SourceVersionDate "2024.10.14"]
[SourceQuality "1"]

1. d4 Nf6 2. Nf3 g6 3. c4 Bg7 4. e3 0-0 5. Be2 c5 6. d5 d6 7. 0-0 e5 8. dxe6 fxe6 9. Nc3 Nc6 10. e4 b6 11. Be3 Bb7 12. Qd2 Qe7 13. Rad1 Rad8 14. Bg5 Qf7 15. Bh6 Qe7 16. h3 Ne5 17. Bxg7 Nxf3+ 18. Bxf3 Kxg7 19. Rfe1 Ne8 20. Re3 e5 21. Rd3 Rf6 22. b3 Bc6 23. h4 Qf7 24. Ne2 b5 25. Rc1 Qb7 26. Ng3 Rf4 27. h5 Qe7 28. Rd1 Rb8 29. cxb5 Bxb5 30. Re3 Rb6 31. Be2 Bxe2 32. Nxe2 Rh4 33. Nc3 Nf6 34. hxg6 hxg6 35. Nd5 Nxd5 36. Qxd5 Rh8 37. Rdd3 Qf7 38. Qxf7+ Kxf7 39. Rg3 Rh4 40. Rgf3+ Ke6 41. Rg3 Kf7 42. Rgf3+ Ke6 43. Rg3 1/2-1/2